Central Library OPAC University of Rajshahi

বঙ্গে মগ-ফিরিঙ্গি ও বর্গীর অত্যাচার / (Record no. 54034)

MARC details
000 -LEADER
fixed length control field 01004nam a2200241 a 4500
001 - CONTROL NUMBER
control field 54034
003 - CONTROL NUMBER IDENTIFIER
rucl marc code BD-RjUL
005 - DATE AND TIME OF LATEST TRANSACTION
control field 20211209080049.0
008 - FIXED-LENGTH DATA ELEMENTS--GENERAL INFORMATION
fixed length control field 161031s1993 bg ||||| |||| 00| 0 ben d
020 ## - INTERNATIONAL STANDARD BOOK NUMBER
International Standard Book Number 9840728997
Terms of availability : Tk.60.00
035 ## - SYSTEM CONTROL NUMBER
System control number (BD-RjUL)54156
040 ## - CATALOGING SOURCE
Original cataloging agency BD-RjUL
Language of cataloging ben
Transcribing agency BD-RjUL
Modifying agency BD-RjUL
041 ## - LANGUAGE CODE
Language code of text/sound track or separate title ben
082 ## - DEWEY DECIMAL CLASSIFICATION NUMBER
Edition number 23
Classification number 954
Author mark and year JAB 1993
100 ## - MAIN ENTRY--PERSONAL NAME
Personal name জলিল, মুহম্মদ আবদুল
9 (RLIN) 161343
245 10 - TITLE STATEMENT
Title বঙ্গে মগ-ফিরিঙ্গি ও বর্গীর অত্যাচার /
Statement of responsibility, etc. মুহম্মদ আবদুল জলিল,
260 ## - PUBLICATION, DISTRIBUTION, ETC. (IMPRINT)
Place of publication, distribution, etc. ঢাকা :
Name of publisher, distributor, etc. বাংলা একাডেমী,
Date of publication, distribution, etc. ১৯৯৩.
300 ## - PHYSICAL DESCRIPTION
Pagination [১০], ৯৬ পৃ. ;
Size ২৩ সেমি.
504 ## - BIBLIOGRAPHY, ETC. NOTE
Bibliography, etc গ্রন্থপঞ্জি সংযুক্ত
651 ## - SUBJECT ADDED ENTRY--GEOGRAPHIC NAME
Geographic name India
Form subdivision History
General subdivision British Occupation
9 (RLIN) 161545
Geographic name ভারত
Form subdivision ইতিহাস
General subdivision ব্রিটিশ আধিপত্ত্ব
9 (RLIN) 161546
942 ## - ADDED ENTRY ELEMENTS (KOHA)
Source of classification or shelving scheme Dewey Decimal Classification
Koha item type Books
Holdings
Lost status Source of classification or shelving scheme Damaged status Not for loan Collection code Permanent Location Current Location Shelving location Date acquired Source of acquisition Cost, normal purchase price Total Checkouts Full call number Date last seen Copy number Koha item type
  Dewey Decimal Classification     Non-fiction Central Library, University of Rajshahi Central Library, University of Rajshahi   30/07/2012 Bangla Academy, Dhaka. 60.00   B 954 JAB 1993 31/10/2016 C-2 Books
  Dewey Decimal Classification     Non-fiction Central Library, University of Rajshahi Central Library, University of Rajshahi   30/07/2012 Bangla Academy, Dhaka. 60.00   B 891.4409 JAB 1993 01/11/2016 C-3 Books